[Event "FIDE World Senior Team Championship 2020"]
[Site "Olympik hotel, Sokolovska 138, Prague"]
[Date "2020.03.11"]
[Round "6.7.4"]
[White "Zahorbensky, Jaroslav"]
[Black "Polasek, Jaroslav"]
[Result "0-1"]
[WhiteElo "2098"]
[BlackElo "2365"]
[PlyCount "66"]
[WhiteTeam "CZE4"]
[BlackTeam "CZE2"]
[EventDate "2020.03.06"]

1. e4 e6 2. d4 d5 3. exd5 exd5 4. Bf4 Nf6 5. Bd3 c5 6. dxc5 Bxc5 7. Nf3 O-O 8.
O-O Bg4 9. h3 Bh5 10. Nbd2 Nc6 11. Nb3 Bb6 12. c3 Re8 13. g4 Bg6 14. Bxg6 hxg6
15. Nbd4 Re4 16. Be3 Qd7 17. Re1 Rae8 18. Ng5 R4e7 19. Qd2 Bc7 20. Kf1 Ne5 21.
b3 Ne4 22. Nxe4 dxe4 23. Ke2 Nxg4 24. hxg4 Qxg4+ 25. f3 exf3+ 26. Kd3 Qe4+ 27.
Kc4 b5+ 28. Kb4 Bd6+ 29. Ka5 Qb7 30. Nxb5 Rxe3 31. Nxd6 R8e5+ 32. Ka4 Qa6+ 33.
Kb4 Qa5+ 0-1

[Event "FIDE World Senior Team Championship 2020"]
[Site "Olympik hotel, Sokolovska 138, Prague"]
[Date "2020.03.11"]
[Round "6.8.1"]
[White "Strutinskaia, Galina"]
[Black "Fritsche, Lutz"]
[Result "0-1"]
[WhiteElo "2214"]
[BlackElo "2321"]
[PlyCount "64"]
[WhiteTeam "RUSW"]
[BlackTeam "GER1"]
[EventDate "2020.03.06"]

1. d4 g6 2. g3 Bg7 3. Bg2 d6 4. Nf3 Nf6 5. O-O O-O 6. c4 Nbd7 7. b3 e5 8. Bb2
Re8 9. e3 e4 10. Nfd2 Nf8 11. Nc3 Bf5 12. b4 h5 13. Qc2 Qe7 14. Rfc1 c6 15. a4
h4 16. a5 hxg3 17. hxg3 a6 18. b5 N8h7 19. bxc6 bxc6 20. Qa4 Ng5 21. Ba3 Bd7
22. Qb4 Bf8 23. Nd1 Qe6 24. Ra2 Qg4 25. Qb2 Qh5 26. d5 Bg7 27. dxc6 Bh3 28. Bh1
Bg4 29. Nc3 Nf3+ 30. Nxf3 Bxf3 31. Bg2 Ng4 32. Kf1 Qh2 0-1

[Event "FIDE World Senior Team Championship 2020"]
[Site "Olympik hotel, Sokolovska 138, Prague"]
[Date "2020.03.11"]
[Round "6.8.2"]
[White "Schulz, Klaus-Juergen"]
[Black "Sirotkina, Nina"]
[Result "1/2-1/2"]
[WhiteElo "2331"]
[BlackElo "2183"]
[PlyCount "83"]
[WhiteTeam "GER1"]
[BlackTeam "RUSW"]
[EventDate "2020.03.06"]

1. e4 c5 2. Nf3 e6 3. d3 Nc6 4. g3 d6 5. Bg2 Nf6 6. O-O Be7 7. Re1 O-O 8. c3 e5
9. Nbd2 Re8 10. a4 Bf8 11. Nc4 b6 12. Ne3 g6 13. Nd2 Bh6 14. Ndc4 Rb8 15. Qf3
Bg7 16. h3 a6 17. Ng4 Nxg4 18. hxg4 f6 19. Ne3 Rf8 20. Qe2 Be6 21. Nd5 Ne7 22.
Be3 Nxd5 23. exd5 Bd7 24. d4 a5 25. dxe5 fxe5 26. Be4 Bf6 27. f3 Bg5 28. c4
Bxe3+ 29. Qxe3 Qf6 30. Kg2 Rf7 31. Rh1 Rbf8 32. Rh6 Rg7 33. b3 Be8 34. Rah1 Qe7
35. R1h4 Bd7 36. Qc1 Be8 37. Qe3 Bd7 38. Rh1 Be8 39. R6h4 Qf6 40. g5 Qe7 41.
Re1 Bd7 42. Bd3 1/2-1/2

[Event "FIDE World Senior Team Championship 2020"]
[Site "Olympik hotel, Sokolovska 138, Prague"]
[Date "2020.03.11"]
[Round "6.8.3"]
[White "Bogumil, Tatiana"]
[Black "Maier, Christian"]
[Result "1/2-1/2"]
[WhiteElo "2182"]
[BlackElo "2294"]
[PlyCount "86"]
[WhiteTeam "RUSW"]
[BlackTeam "GER1"]
[EventDate "2020.03.06"]

1. Nf3 Nc6 2. d4 d6 3. e4 e5 4. h3 exd4 5. Nxd4 Nf6 6. Nxc6 bxc6 7. Bd3 Be7 8.
O-O O-O 9. c4 Nd7 10. Nc3 Bf6 11. Bd2 Re8 12. Re1 Nc5 13. Bc2 Rb8 14. Rb1 Ne6
15. Ba4 Bd7 16. b4 Be5 17. Ne2 Qh4 18. Bc2 c5 19. bxc5 Nxc5 20. Rxb8 Rxb8 21.
f4 Bb2 22. Be3 Qe7 23. Ng3 Bc3 24. Re2 Be6 25. Bd4 Bxd4+ 26. Qxd4 Qh4 27. Nf5
Bxf5 28. exf5 Qf6 29. Qe3 Rf8 30. Kh2 h6 31. g4 Qh4 32. Qd4 a6 33. Qe3 Rb8 34.
f6 Ne6 35. fxg7 Qf6 36. Rf2 Qd4 37. Qxd4 Nxd4 38. Be4 Kxg7 39. g5 Rb4 40. Bd3
hxg5 41. fxg5 Nc6 42. c5 a5 43. cxd6 cxd6 1/2-1/2

[Event "FIDE World Senior Team Championship 2020"]
[Site "Olympik hotel, Sokolovska 138, Prague"]
[Date "2020.03.11"]
[Round "6.8.4"]
[White "Polster, Wolfgang, Dr."]
[Black "Fatalibekova, Elena"]
[Result "1-0"]
[WhiteElo "2201"]
[BlackElo "2158"]
[PlyCount "101"]
[WhiteTeam "GER1"]
[BlackTeam "RUSW"]
[EventDate "2020.03.06"]

1. e4 c5 2. Nf3 e6 3. d3 d5 4. Nbd2 g6 5. g3 Bg7 6. Bg2 Ne7 7. O-O Nbc6 8. Re1
O-O 9. c3 Qc7 10. Qe2 b6 11. e5 a5 12. a4 Ba6 13. Nb1 b5 14. axb5 Bxb5 15. Bf4
Ba6 16. Nbd2 Rab8 17. b3 h6 18. h4 h5 19. Bh3 d4 20. c4 Nb4 21. Ne4 Bb7 22.
Nf6+ Kh8 23. Bg2 Nf5 24. Qd2 Bc6 25. Ng5 Bxg2 26. Kxg2 Qb7+ 27. Nge4 Qc7 28.
Rh1 Nc6 29. g4 Nxe5 30. gxf5 exf5 31. Nd5 Qb7 32. Nxc5 Qc6 33. Rxa5 Rfd8 34.
Bxe5 Bxe5 35. Qh6+ Kg8 36. f3 Re8 37. Re1 Bg7 38. Qd2 Kh7 39. b4 Rxe1 40. Qxe1
Re8 41. Qf2 Qd6 42. Ra6 Qd8 43. Ra7 Kg8 44. f4 Qb8 45. Rb7 Qd8 46. Kh3 Qd6 47.
Nd7 Re6 48. Rb8+ Kh7 49. Rd8 Qc6 50. b5 Qb7 51. Nc5 1-0

[Event "FIDE World Senior Team Championship 2020"]
[Site "Olympik hotel, Sokolovska 138, Prague"]
[Date "2020.03.11"]
[Round "6.9.1"]
[White "Netusil, Miloslav"]
[Black "Pekarek, Ales"]
[Result "1/2-1/2"]
[WhiteElo "2151"]
[BlackElo "2274"]
[PlyCount "27"]
[WhiteTeam "CZE7"]
[BlackTeam "CZE3"]
[EventDate "2020.03.06"]

1. d4 Nf6 2. c4 c5 3. d5 b5 4. Qc2 bxc4 5. e4 d6 6. Nc3 g6 7. Bxc4 Bg7 8. Nf3
O-O 9. O-O Nbd7 10. Bf4 h6 11. h3 Nh7 12. Rfe1 Rb8 13. e5 Rb4 14. b3 1/2-1/2

[Event "FIDE World Senior Team Championship 2020"]
[Site "Olympik hotel, Sokolovska 138, Prague"]
[Date "2020.03.11"]
[Round "6.9.2"]
[White "Sorm, Daniel"]
[Black "Pilar, Miloslav"]
[Result "1-0"]
[WhiteElo "2328"]
[BlackElo "2056"]
[PlyCount "55"]
[WhiteTeam "CZE3"]
[BlackTeam "CZE7"]
[EventDate "2020.03.06"]

1. d4 e6 2. c4 Bb4+ 3. Nc3 Nf6 4. e3 O-O 5. Bd3 d5 6. cxd5 exd5 7. Nge2 c6 8.
O-O Bd6 9. a3 Bg4 10. f3 Bh5 11. Nf4 Bg6 12. Nxg6 hxg6 13. Kh1 Bc7 14. Bd2 Qd6
15. g3 Nbd7 16. Qe2 Bb6 17. Na4 Rfe8 18. Qf2 c5 19. Nxb6 axb6 20. g4 Nf8 21. g5
N6h7 22. f4 f5 23. dxc5 bxc5 24. Rfd1 Ne6 25. Qf3 b6 26. Bc3 Rad8 27. Bb5 Rf8
28. Bc4 1-0

[Event "FIDE World Senior Team Championship 2020"]
[Site "Olympik hotel, Sokolovska 138, Prague"]
[Date "2020.03.11"]
[Round "6.9.3"]
[White "Groh, Jiri"]
[Black "Mudrak, Josef"]
[Result "0-1"]
[WhiteElo "1979"]
[BlackElo "2213"]
[PlyCount "80"]
[WhiteTeam "CZE7"]
[BlackTeam "CZE3"]
[EventDate "2020.03.06"]

1. Nf3 Nf6 2. c4 c6 3. Nc3 g6 4. b3 Bg7 5. Bb2 O-O 6. e3 d5 7. Be2 Bf5 8. O-O
a5 9. Qc1 Na6 10. d4 h6 11. Rd1 g5 12. Ne5 e6 13. Bd3 Bxd3 14. Rxd3 Nd7 15. Ne2
Nxe5 16. dxe5 Qc7 17. f4 Rfd8 18. cxd5 Rxd5 19. Rxd5 cxd5 20. Qxc7 Nxc7 21. Rc1
Na6 22. Nd4 Nb4 23. Rc7 Nd3 24. Bc1 a4 25. Rc3 Nb4 26. Bd2 Nxa2 27. Rc7 gxf4
28. exf4 Bf8 29. Kf1 b6 30. bxa4 Rxa4 31. Nb5 Rc4 32. Ra7 Rc2 33. Ke1 Bb4 34.
Bxb4 Nxb4 35. g3 Rxh2 36. Nd6 Nc2+ 37. Kd1 Ne3+ 38. Ke1 d4 39. Ne4 d3 40. Nf2
Rxf2 0-1

[Event "FIDE World Senior Team Championship 2020"]
[Site "Olympik hotel, Sokolovska 138, Prague"]
[Date "2020.03.11"]
[Round "6.10.1"]
[White "Frostick, Clive A"]
[Black "Jakel, Wolfgang"]
[Result "1/2-1/2"]
[WhiteElo "2082"]
[BlackElo "2260"]
[PlyCount "99"]
[WhiteTeam "ENG2"]
[BlackTeam "GER4"]
[EventDate "2020.03.06"]

1. e4 c5 2. Nf3 d6 3. Bb5+ Bd7 4. Bxd7+ Qxd7 5. c4 Nc6 6. d4 cxd4 7. Nxd4 Nf6
8. Nc3 e6 9. O-O Be7 10. b3 O-O 11. Bb2 Rac8 12. Re1 Rfd8 13. Qd2 a6 14. Rad1
Qc7 15. h3 b6 16. Nc2 Qb7 17. Qe2 Ne8 18. Ne3 Rb8 19. Rc1 Bf6 20. Red1 b5 21.
Rd2 Rdc8 22. Ncd1 Ne5 23. f4 Ng6 24. Qf3 Bxb2 25. Rxb2 Nf6 26. Nf2 bxc4 27.
Rxc4 Rxc4 28. Nxc4 Qb4 29. Nd3 Qc3 30. Nxd6 Qd4+ 31. Rf2 Nh4 32. Qe2 Qxd6 33.
e5 Qd4 34. exf6 gxf6 35. Qg4+ Ng6 36. f5 Qxd3 37. fxg6 hxg6 38. Qf4 Rc8 39.
Qxf6 Rc1+ 40. Kh2 Qd6+ 41. Qf4 Rd1 42. Qxd6 Rxd6 43. b4 e5 44. Rb2 e4 45. Kg3
Rd3+ 46. Kf4 e3 47. Kf3 Ra3 48. b5 axb5 49. Rxb5 Rxa2 50. Re5 1/2-1/2

[Event "FIDE World Senior Team Championship 2020"]
[Site "Olympik hotel, Sokolovska 138, Prague"]
[Date "2020.03.11"]
[Round "6.10.2"]
[White "Sandten, Ulrich"]
[Black "White, Nigel"]
[Result "1/2-1/2"]
[WhiteElo "2100"]
[BlackElo "2001"]
[PlyCount "138"]
[WhiteTeam "GER4"]
[BlackTeam "ENG2"]
[EventDate "2020.03.06"]

1. d4 Nf6 2. Nf3 g6 3. e3 Bg7 4. Be2 O-O 5. O-O d6 6. c4 Nbd7 7. Nc3 e5 8. b4
c6 9. a4 e4 10. Ne1 Re8 11. Ra2 a5 12. bxa5 Rxa5 13. Bd2 Ra8 14. Nc2 h5 15. f4
exf3 16. Bxf3 Nb6 17. Na3 d5 18. cxd5 Nbxd5 19. Nxd5 Nxd5 20. Nc4 Be6 21. Rb2
Qc7 22. a5 c5 23. Nb6 Nxb6 24. axb6 Qd7 25. Bc3 Bc4 26. Be2 Bxe2 27. Rxe2 cxd4
28. Rd2 Rxe3 29. Bxd4 Bxd4 30. Rxd4 Qc6 31. Rd6 Qc5 32. Kh1 Rae8 33. Rdf6 R8e7
34. Qb1 R3e6 35. Qb2 Qe5 36. Rxe6 Rxe6 37. Qf2 Re7 38. h3 Qe3 39. Qf6 Qe6 40.
Qf2 Rd7 41. Re1 Qd6 42. Qb2 Re7 43. Rc1 Kh7 44. Rf1 Kg8 45. Rc1 f6 46. Qb3+ Kg7
47. Rd1 Qf4 48. Qa3 Qe5 49. Rc1 g5 50. Qb4 f5 51. Qd2 Kg6 52. Qa2 g4 53. h4 g3
54. Qg8+ Qg7 55. Qb8 Qe5 56. Qg8+ Rg7 57. Qd8 Qf6 58. Qe8+ Rf7 59. Qg8+ Qg7 60.
Qd8 Kh7 61. Rd1 f4 62. Rd5 Qa1+ 63. Rd1 Qe5 64. Qd3+ Kg7 65. Qf3 Re7 66. Rf1
Kg6 67. Qd3+ Qe4 68. Qd6+ Re6 69. Qf8 Qe5 1/2-1/2

[Event "FIDE World Senior Team Championship 2020"]
[Site "Olympik hotel, Sokolovska 138, Prague"]
[Date "2020.03.11"]
[Round "6.12.1"]
[White "Pieper, Thomas, Dr."]
[Black "Papacek, Stepan"]
[Result "1/2-1/2"]
[WhiteElo "2258"]
[BlackElo "2265"]
[PlyCount "50"]
[WhiteTeam "GER5"]
[BlackTeam "CZE13"]
[EventDate "2020.03.06"]

1. e4 e5 2. Nf3 Nc6 3. d4 exd4 4. Nxd4 g6 5. Nxc6 bxc6 6. Bd2 Bg7 7. Bc3 Nf6 8.
Bd3 O-O 9. O-O d5 10. Nd2 Re8 11. exd5 cxd5 12. Nb3 Qd6 13. Be2 c5 14. Bf3 Be6
15. Re1 d4 16. Bxa8 Rxa8 17. Nxd4 cxd4 18. Qxd4 Qc6 19. Qh4 Bd5 20. f3 h6 21.
Re2 g5 22. Qe1 Nh5 23. Bxg7 Kxg7 24. b3 Nf4 25. Rd2 Qc5+ 1/2-1/2

[Event "FIDE World Senior Team Championship 2020"]
[Site "Olympik hotel, Sokolovska 138, Prague"]
[Date "2020.03.11"]
[Round "6.12.2"]
[White "Bretsnajdr, Vladimir"]
[Black "Kempter, Ronald"]
[Result "1/2-1/2"]
[WhiteElo "2230"]
[BlackElo "2238"]
[PlyCount "32"]
[WhiteTeam "CZE13"]
[BlackTeam "GER5"]
[EventDate "2020.03.06"]

1. Nf3 Nf6 2. g3 g6 3. Bg2 Bg7 4. O-O O-O 5. d4 d6 6. c4 Nc6 7. d5 Na5 8. Nfd2
c5 9. Nc3 a6 10. Qc2 Rb8 11. b3 b5 12. Bb2 e5 13. Rab1 h5 14. h3 h4 15. g4 Nh7
16. e3 f5 1/2-1/2

[Event "FIDE World Senior Team Championship 2020"]
[Site "Olympik hotel, Sokolovska 138, Prague"]
[Date "2020.03.11"]
[Round "6.12.4"]
[White "Ruzicka, Tomas"]
[Black "Arndt, Olaf"]
[Result "0-1"]
[WhiteElo "1748"]
[BlackElo "1887"]
[PlyCount "74"]
[WhiteTeam "CZE13"]
[BlackTeam "GER5"]
[EventDate "2020.03.06"]

1. e4 d5 2. e5 c5 3. f4 Nc6 4. Nf3 Nh6 5. Be2 Nf5 6. O-O Nfd4 7. c3 Nxe2+ 8.
Qxe2 Qb6 9. d3 Bf5 10. b3 c4+ 11. Qf2 Qxf2+ 12. Rxf2 Bxd3 13. Ba3 e6 14. Bxf8
Rxf8 15. Na3 cxb3 16. axb3 Ke7 17. Rd1 Ba6 18. Nd2 b6 19. b4 Bd3 20. Nb3 Bc4
21. Nd2 b5 22. Ndxc4 bxc4 23. Nb5 a5 24. bxa5 Rxa5 25. Nd6 Rb8 26. g3 Ra3 27.
Rc1 f6 28. Re1 Rxc3 29. Ree2 fxe5 30. fxe5 Nxe5 31. Nf5+ exf5 32. Rxe5+ Kd6 33.
Rexf5 Rd3 34. Rf7 c3 35. Rxg7 Rd2 36. Rf6+ Ke5 37. Rgf7 Rb1+ 0-1

[Event "FIDE World Senior Team Championship 2020"]
[Site "Olympik hotel, Sokolovska 138,"]
[Date "2020.03.11"]
[Round "6.13"]
[White "Jahn, Constanze"]
[Black "Bartak, Vladimir"]
[Result "0-1"]
[WhiteElo "2048"]
[BlackElo "2276"]
[PlyCount "80"]
[EventDate "2020.03.06"]
[WhiteTeam "GERW1"]
[BlackTeam "CZE6"]

1. e4 c5 2. Nf3 d6 3. g3 Nf6 4. d3 g6 5. Bg2 Bg7 6. O-O O-O 7. c3 Nc6 8. Nbd2
Bg4 9. h3 Bd7 10. Nc4 b5 11. Ne3 Rb8 12. a4 a6 13. axb5 axb5 14. Bd2 h6 15. Kh2
b4 16. Nc4 Be6 17. Qe2 Nd7 18. Ra6 bxc3 19. bxc3 Bxc4 20. dxc4 Rb6 21. Ra2 Qc7
22. Ne1 Rfb8 23. Nd3 Rb1 24. Rxb1 Rxb1 25. Nf4 e6 26. Qd3 Rb8 27. Qc2 Nce5 28.
Nd3 Nxc4 29. Bf4 Nce5 30. Nxe5 Nxe5 31. Bxe5 Bxe5 32. f4 Bf6 33. Ra6 h5 34. Qd2
h4 35. gxh4 Rd8 36. h5 gxh5 37. Bf3 h4 38. Qg2+ Kf8 39. c4 Rb8 40. Qa2 Rb2+ 0-1

[Event "FIDE World Senior Team Championship 2020"]
[Site "Olympik hotel, Sokolovska 138,"]
[Date "2020.03.11"]
[Round "6.13"]
[White "Hosticka, Frantisek"]
[Black "Mai, Iris"]
[Result "1-0"]
[WhiteElo "2096"]
[BlackElo "2035"]
[PlyCount "121"]
[EventDate "2020.03.06"]
[WhiteTeam "CZE6"]
[BlackTeam "GERW1"]

1. e4 c5 2. Nf3 d6 3. Bb5+ Nd7 4. c3 Ngf6 5. Bd3 a6 6. O-O Qc7 7. Re1 e5 8. c4
g6 9. Nc3 Bg7 10. Bf1 O-O 11. d3 Rb8 12. a4 b6 13. h3 Bb7 14. Be3 Bc6 15. Qc2
Rfc8 16. Rec1 Nf8 17. Nd5 Qd8 18. Qb1 a5 19. Qc2 Ne6 20. Qd2 Qf8 21. g3 Nd4 22.
Nxd4 cxd4 23. Nxf6+ Bxf6 24. Bh6 Qe8 25. b3 Be7 26. f4 f6 27. Kh2 Kh8 28. h4
Bd7 29. Qe2 Qf7 30. Bh3 Bf8 31. Bxf8 Rxf8 32. Bxd7 Qxd7 33. Rf1 Qg7 34. Kg2 f5
35. Rae1 Rbe8 36. Qf3 Qd7 37. exf5 Rxf5 38. Qd5 Ref8 39. Rxe5 Rxe5 40. fxe5
Rxf1 41. e6 Qe7 42. Kxf1 Kg7 43. Qxd4+ Qf6+ 44. Qxf6+ Kxf6 45. Kf2 Kxe6 46. g4
h5 47. gxh5 gxh5 48. d4 Kf6 49. Ke3 Ke7 50. Kd3 Kf6 51. c5 bxc5 52. dxc5 dxc5
53. Kc4 Kf5 54. Kxc5 Kg4 55. b4 axb4 56. Kxb4 Kxh4 57. a5 Kg3 58. a6 h4 59. a7
h3 60. a8=Q Kh2 61. Qf3 1-0

[Event "FIDE World Senior Team Championship 2020"]
[Site "Olympik hotel, Sokolovska 138,"]
[Date "2020.03.11"]
[Round "6.13"]
[White "Wolf, Sylvia"]
[Black "Gdovin, Jan"]
[Result "0-1"]
[WhiteElo "2035"]
[BlackElo "2035"]
[PlyCount "94"]
[EventDate "2020.03.06"]
[WhiteTeam "GERW1"]
[BlackTeam "CZE6"]

1. e4 e6 2. d4 d5 3. e5 c5 4. Nf3 Nc6 5. Bd3 Nh6 6. O-O Nf5 7. dxc5 Bxc5 8. Nc3
Nh4 9. Bf4 Ng6 10. Bg3 a6 11. a3 O-O 12. h4 f5 13. exf6 gxf6 14. h5 Nge5 15.
Nxe5 Nxe5 16. Be2 Kh8 17. Qd2 Qe7 18. Rae1 Bd7 19. Bd1 Qg7 20. Qf4 Rg8 21. Qxf6
Qxf6 22. Bxe5 Raf8 23. Bxf6+ Rxf6 24. Kh2 Bxf2 25. Re2 Bg3+ 26. Kg1 Bh2+ 27.
Kxh2 Rxf1 28. Rd2 Be8 29. g4 h6 30. Kg2 Rf6 31. Kh3 Rgf8 32. Kg3 Bc6 33. g5
hxg5 34. Bg4 Kg7 35. Nd1 e5 36. Ne3 d4 37. Nc4 Re8 38. c3 Rf4 39. Nd6 Ref8 40.
cxd4 exd4 41. b4 R8f6 42. Nc4 Re4 43. Bd1 Rf1 44. Be2 Ra1 45. Bf3 Rf4 46. Bxc6
bxc6 47. Rd3 Rc1 0-1

[Event "FIDE World Senior Team Championship 2020"]
[Site "Olympik hotel, Sokolovska 138,"]
[Date "2020.03.11"]
[Round "6.13"]
[White "Kalvach, Ladislav"]
[Black "Skibbe, Diana"]
[Result "1/2-1/2"]
[WhiteElo "1773"]
[BlackElo "2008"]
[PlyCount "29"]
[EventDate "2020.03.06"]
[WhiteTeam "CZE6"]
[BlackTeam "GERW1"]

1. d4 f5 2. g3 Nf6 3. Bg2 g6 4. c4 Bg7 5. Nc3 d6 6. Nf3 O-O 7. O-O c6 8. Qc2
Kh8 9. b3 Qc7 10. Bb2 e5 11. dxe5 dxe5 12. Rad1 Na6 13. Ba3 Re8 14. Bd6 Qa5 15.
a3 1/2-1/2

[Event "FIDE World Senior Team Championship 2020"]
[Site "Olympik hotel, Sokolovska 138,"]
[Date "2020.03.11"]
[Round "6.14"]
[White "Johnsen, Sylvia"]
[Black "Lauterbach, Ingrid"]
[Result "1-0"]
[WhiteElo "1853"]
[BlackElo "2057"]
[PlyCount "91"]
[EventDate "2020.03.06"]
[WhiteTeam "NOR2"]
[BlackTeam "ENGW"]

1. e4 c5 2. Nc3 Nc6 3. g3 Rb8 4. Bg2 b5 5. d3 g6 6. Nh3 Bg7 7. O-O b4 8. Nd5 e6
9. Ne3 Nge7 10. f4 f5 11. Ng5 h6 12. Nf3 O-O 13. e5 d6 14. Nc4 d5 15. Ne3 a5
16. b3 Ba6 17. Rf2 Qb6 18. Bf1 Rfd8 19. h3 Nc8 20. a4 bxa3 21. Rxa3 N8a7 22.
Bd2 Nb5 23. Ra4 Bb7 24. g4 Kh7 25. Rg2 c4 26. Qe1 cxb3 27. gxf5 exf5 28. cxb3
Ncd4 29. Nxd4 Nxd4 30. Qg3 Nxb3 31. Bxa5 Nxa5 32. Rxa5 g5 33. Rga2 Bf8 34. Kh2
Qd4 35. Nxf5 gxf4 36. Qg4 Qxe5 37. Rg2 f3+ 38. Rg3 Qxg3+ 39. Nxg3 Bd6 40. Ra7
Bc5 41. Qf5+ Kg8 42. Ra4 Kh8 43. Rg4 Rg8 44. Qe5+ Kh7 45. Qc7+ Kh8 46. Qxc5 1-0

[Event "FIDE World Senior Team Championship 2020"]
[Site "Olympik hotel, Sokolovska 138,"]
[Date "2020.03.11"]
[Round "6.15"]
[White "Yrjola, Jouni"]
[Black "Richtrova, Eliska"]
[Result "1/2-1/2"]
[WhiteElo "2309"]
[BlackElo "2192"]
[PlyCount "142"]
[EventDate "2020.03.06"]
[WhiteTeam "FIN"]
[BlackTeam "CZEW1"]

1. c4 e5 2. Nc3 Nc6 3. Nf3 g6 4. d4 exd4 5. Nxd4 Bg7 6. Nxc6 bxc6 7. g3 Ne7 8.
Bg2 O-O 9. O-O d6 10. Qc2 Be6 11. b3 Qd7 12. Rd1 f5 13. Bb2 Rae8 14. e3 Bf7 15.
Ne2 Bxb2 16. Qxb2 Qc8 17. Qa3 a6 18. Qa5 Be6 19. Qc3 c5 20. Nf4 Bd7 21. b4 cxb4
22. Qxb4 Bc6 23. Bd5+ Nxd5 24. cxd5 Ba8 25. Rac1 Rf7 26. h4 Qd7 27. Rd4 Rc8 28.
Rdc4 c5 29. dxc6 Rxc6 30. Rxc6 Bxc6 31. Qb8+ Kg7 32. Rd1 Rf6 33. Qb2 Qe7 34.
Rd4 Qe5 35. Nd3 Qe7 36. Nb4 Bb7 37. Nd5 Bxd5 38. Rxd5 Qc7 39. Rd2 Qd7 40. Rc2
Qe7 41. Qb6 Qe4 42. Rc7+ Kh6 43. Qxa6 Re6 44. Qb7 Qxb7 45. Rxb7 Re4 46. a3 d5
47. Rb4 Re6 48. Rd4 Ra6 49. a4 Kg7 50. Kf1 Kf6 51. Ke2 Ke6 52. Kd3 h6 53. Kc3
g5 54. hxg5 hxg5 55. Kb4 Rb6+ 56. Kc5 Rb2 57. a5 Rxf2 58. Ra4 Rc2+ 59. Kb6 Rb2+
60. Kc7 Rc2+ 61. Kd8 Kd6 62. a6 Rh2 63. Ke8 Ke6 64. Kf8 Rh8+ 65. Kg7 Ra8 66.
Kg6 Rg8+ 67. Kh7 Ra8 68. a7 f4 69. gxf4 gxf4 70. exf4 Kf5 71. Kh6 d4 1/2-1/2

[Event "FIDE World Senior Team Championship 2020"]
[Site "Olympik hotel, Sokolovska 138,"]
[Date "2020.03.11"]
[Round "6.15"]
[White "Kopsa, Petri"]
[Black "Svobodova, Michaela"]
[Result "0-1"]
[WhiteElo "2085"]
[BlackElo "1988"]
[PlyCount "110"]
[EventDate "2020.03.06"]
[WhiteTeam "FIN"]
[BlackTeam "CZEW1"]

1. e4 c5 2. Nf3 e6 3. g3 d5 4. exd5 exd5 5. d4 Nc6 6. h3 Nf6 7. Bg2 Be7 8. O-O
O-O 9. Be3 c4 10. Ne5 Bf5 11. Nxc6 bxc6 12. b3 cxb3 13. axb3 Ne4 14. Bf4 Re8
15. Nd2 Nc3 16. Qf3 Bb4 17. Be3 Bxc2 18. Rfc1 Bd3 19. Bf1 Bxf1 20. Nxf1 a5 21.
Kg2 Qd7 22. Rc2 Nb5 23. g4 Re4 24. Rd1 f5 25. gxf5 Rf8 26. Ng3 Ree8 27. Qg4 Nd6
28. f6 Qxg4 29. hxg4 Rxf6 30. Rxc6 Nc4 31. Rxf6 Nxe3+ 32. fxe3 gxf6 33. Kf3 Kf7
34. Rc1 Kg6 35. Nf5 h5 36. Nh4+ Kg5 37. Ng2 hxg4+ 38. Kg3 f5 39. Rc6 Bd2 40.
Kf2 Bb4 41. Nf4 Rg8 42. Kg3 Be1+ 43. Kg2 Bd2 44. Nxd5 Rb8 45. Rc5 Rxb3 46. Ne7
Rxe3 47. Rxf5+ Kh6 48. Nc6 a4 49. Ne5 Re4 50. Rf6+ Kh5 51. Nf7 Rxd4 52. Nd6 a3
53. Nf5 Ra4 54. Kg3 Kg5 55. Rf8 a2 0-1

[Event "FIDE World Senior Team Championship 2020"]
[Site "Olympik hotel, Sokolovska 138,"]
[Date "2020.03.11"]
[Round "6.15"]
[White "Cejkova, Miroslava"]
[Black "Tahkavuori, Tapani"]
[Result "1/2-1/2"]
[WhiteElo "1998"]
[BlackElo "2064"]
[PlyCount "90"]
[EventDate "2020.03.06"]
[WhiteTeam "CZEW1"]
[BlackTeam "FIN"]

1. e4 c5 2. Nc3 Nc6 3. g3 g6 4. Bg2 Bg7 5. d3 e6 6. f4 d6 7. Nf3 Nge7 8. O-O
O-O 9. Be3 Nd4 10. e5 Nec6 11. Ne4 dxe5 12. Nxe5 f5 13. Nxc5 Nxe5 14. fxe5 Bxe5
15. c3 Nc6 16. d4 Bf6 17. b4 Re8 18. Qb3 Kg7 19. Rad1 Bg5 20. Rfe1 Bxe3+ 21.
Rxe3 Qg5 22. Nxe6+ Bxe6 23. Rxe6 Re7 24. Rde1 Rae8 25. d5 Nd8 26. Rxe7+ Rxe7
27. Rxe7+ Qxe7 28. Kf2 f4 29. c4 Qf6 30. c5 Qd4+ 31. Kf3 g5 32. gxf4 Qxf4+ 33.
Ke2 Nf7 34. d6 Qxh2 35. Qh3 Qe5+ 36. Qe3 Qb2+ 37. Qd2 Qe5+ 38. Kf2 Qf5+ 39. Ke2
Ne5 40. Qd4 Qc2+ 41. Kf1 Qf5+ 42. Ke2 Qc2+ 43. Ke1 Qb1+ 44. Kf2 Qf5+ 45. Ke2
Qc2+ 1/2-1/2

[Event "FIDE World Senior Team Championship 2020"]
[Site "Olympik hotel, Sokolovska 138,"]
[Date "2020.03.11"]
[Round "6.16"]
[White "Weyrich, Morten"]
[Black "Goldinger, Peter"]
[Result "1-0"]
[WhiteElo "2281"]
[BlackElo "2052"]
[PlyCount "85"]
[EventDate "2020.03.06"]
[WhiteTeam "GER3"]
[BlackTeam "GER6"]

1. c4 e5 2. Nc3 Nc6 3. g3 d6 4. Bg2 Be6 5. b3 g6 6. e4 Bg7 7. Nge2 Qd7 8. d3
Nge7 9. Nd5 Nd8 10. Bh6 O-O 11. Qd2 Nxd5 12. cxd5 Bh3 13. Bxg7 Kxg7 14. O-O
Bxg2 15. Kxg2 c5 16. f4 f6 17. h4 Nf7 18. Rf3 h6 19. Raf1 b5 20. Nc3 a6 21. Nd1
a5 22. Ne3 Ra6 23. h5 g5 24. fxg5 Nxg5 25. Rf5 Qe8 26. R5f2 Qd7 27. Rf5 Qe8 28.
Qd1 Ra7 29. R5f2 Qd8 30. Qg4 Kh8 31. Qf5 Qe8 32. Ng4 Kg7 33. Qg6+ Qxg6 34. hxg6
h5 35. Rxf6 Rxf6 36. Nxf6 Kxg6 37. Ne8 a4 38. Rf6+ Kh7 39. Nxd6 axb3 40. axb3
Ra3 41. Nf5 Kh8 42. Rh6+ Nh7 43. Rb6 1-0

[Event "FIDE World Senior Team Championship 2020"]
[Site "Olympik hotel, Sokolovska 138,"]
[Date "2020.03.11"]
[Round "6.16"]
[White "Klaiss, Thomas"]
[Black "Jeske, Eckhard"]
[Result "1/2-1/2"]
[WhiteElo "1991"]
[BlackElo "2158"]
[PlyCount "125"]
[EventDate "2020.03.06"]
[WhiteTeam "GER6"]
[BlackTeam "GER3"]

1. d4 Nf6 2. Nf3 d5 3. e3 c6 4. Bd3 g6 5. b3 Bg7 6. Bb2 Bg4 7. h3 Bxf3 8. Qxf3
O-O 9. O-O Re8 10. Nd2 e5 11. dxe5 Nfd7 12. e6 Rxe6 13. Bxg7 Kxg7 14. Qf4 Ne5
15. Qd4 Qf6 16. Be2 Ned7 17. Qb4 b6 18. Nf3 c5 19. Qd2 Rd6 20. Rad1 Nc6 21. Bb5
Ne7 22. Rfe1 Ne5 23. Nxe5 Qxe5 24. a4 Rad8 25. c3 Ng8 26. Qc2 Nf6 27. Bd3 Ne4
28. Rc1 f5 29. b4 Rc8 30. b5 Rcd8 31. Qb2 Nf6 32. Ra1 R8d7 33. Rac1 h5 34. Rb1
h4 35. Rbc1 Ne4 36. Qc2 Re7 37. Red1 Red7 38. Re1 Qf6 39. Red1 Qd8 40. Re1 Kh6
41. Red1 Qe7 42. Re1 Qe5 43. Qb2 Re7 44. Qc2 Rf6 45. Red1 Ref7 46. Re1 Rd7 47.
Red1 Rfd6 48. Re1 Re7 49. Red1 Qf6 50. Re1 Kg7 51. Red1 f4 52. Bxe4 Rxe4 53.
Rxd5 Rde6 54. Rd7+ Kh6 55. Rf1 fxe3 56. fxe3 Qg5 57. Rf3 Rxe3 58. Rxe3 Qxe3+
59. Qf2 Kg5 60. Rd5+ Kh6 61. Rd7 Kg5 62. Rd5+ Kh6 63. Rd7 1/2-1/2

[Event "FIDE World Senior Team Championship 2020"]
[Site "Olympik hotel, Sokolovska 138,"]
[Date "2020.03.11"]
[Round "6.16"]
[White "Jansen, Andreas"]
[Black "Mueller, Thomas"]
[Result "1-0"]
[WhiteElo "2095"]
[BlackElo "2020"]
[PlyCount "73"]
[EventDate "2020.03.06"]
[WhiteTeam "GER3"]
[BlackTeam "GER6"]

1. e4 e6 2. d4 d5 3. Nc3 Bb4 4. e5 Qd7 5. a3 Bxc3+ 6. bxc3 b6 7. a4 Ba6 8. Bd3
Bxd3 9. Qxd3 Nc6 10. Nf3 Na5 11. O-O Rc8 12. Ba3 Nc4 13. Nd2 Nxa3 14. Rxa3 a5
15. c4 dxc4 16. Nxc4 Ne7 17. Rd1 O-O 18. Nd2 Rfd8 19. Ne4 h6 20. c4 Ng6 21. g3
Qe7 22. f4 Rxd4 23. Qxd4 Qxa3 24. Qd7 Qf8 25. Kg2 Qe8 26. c5 Qxd7 27. Rxd7 Nf8
28. Rd4 Rb8 29. cxb6 Rxb6 30. Rd8 Rc6 31. Kf3 f5 32. exf6 gxf6 33. Nxf6+ Kf7
34. Ng4 Rc3+ 35. Kg2 Rc2+ 36. Kh3 Rc4 37. Ne5+ 1-0